| 000 | 00515nam a2200181Ia 4500 | ||
|---|---|---|---|
| 003 | GCL | ||
| 008 | 140319s9999 xx 000 0 ara d | ||
| 040 |
_aGCL / _cGCL |
||
| 082 | 0 | 4 |
_a551.46 _bع ج |
| 100 | 1 | _aعبدالعزيز طريح شرف | |
| 245 | 1 | 0 |
_aجغرافية البحار / _cعبدالعزيز طريح شرف |
| 300 | _a371 ص | ||
| 490 | _a | ||
| 650 | 0 | 4 | _aالجغرافيا الطبيعية |
| 650 | 0 | 4 | _aالجغرافيا |
| 650 | 0 | 4 | _aالبحار والمحيطات |
| 942 |
_2ddc _cBK |
||
| 999 |
_c41456 _d41456 |
||